A Prophet at home / (Record no. 186800)
[ view plain ]
| 000 -LEADER | |
|---|---|
| fixed length control field | 00611 a2200193 4500 |
| 003 - CONTROL NUMBER IDENTIFIER | |
| control field | NUST |
| 005 - DATE AND TIME OF LATEST TRANSACTION | |
| control field | 20230125122613.0 |
| 010 ## - LIBRARY OF CONGRESS CONTROL NUMBER | |
| LC control number | 41012756 |
| 040 ## - CATALOGING SOURCE | |
| Transcribing agency | Nust |
| 082 ## - DEWEY DECIMAL CLASSIFICATION NUMBER | |
| Classification number | 823,REE |
| 100 ## - MAIN ENTRY--PERSONAL NAME | |
| Personal name | Reed, Douglas, |
| 9 (RLIN) | 49970 |
| 245 ## - TITLE STATEMENT | |
| Title | A Prophet at home / |
| Statement of responsibility, etc. | Douglas Reed |
| 260 ## - PUBLICATION, DISTRIBUTION, ETC. | |
| Place of publication, distribution, etc. | London |
| Name of publisher, distributor, etc. | J. Cape |
| Date of publication, distribution, etc. | 1941 |
| 300 ## - PHYSICAL DESCRIPTION | |
| Extent | 2 p. l., 3-414 p.; |
| Other physical details | 21 cm |
| 505 ## - FORMATTED CONTENTS NOTE | |
| Formatted contents note | Part-1: The Piping Times (Page-25), Part-2: New Wars Of Old(Page-169), Part-3: The Defense Of Dull Mouth (Page-249), Part-4: Decline To Fall (Page-295). |
| 600 ## - SUBJECT ADDED ENTRY--PERSONAL NAME | |
| Personal name | Reed, Douglas, |
| 9 (RLIN) | 49970 |
| 650 ## - SUBJECT ADDED ENTRY--TOPICAL TERM | |
| Topical term or geographic name entry element | Novel |
| 9 (RLIN) | 2525 |
| 942 ## - ADDED ENTRY ELEMENTS (KOHA) | |
| Source of classification or shelving scheme | |
| Koha item type | Book |
| Call number prefix | 823,REE |
| Withdrawn status | Lost status | Source of classification or shelving scheme | Damaged status | Not for loan | Permanent Location | Current Location | Shelving location | Date acquired | Full call number | Barcode | Date last seen | Price effective from | Koha item type | Public note |
|---|---|---|---|---|---|---|---|---|---|---|---|---|---|---|
| Military College of Signals (MCS) | Military College of Signals (MCS) | General Stacks | 12/12/2016 | 823,REE | MCS30151 | 12/08/2016 | 12/12/2016 | Book | Almirah No.57, Shelf No.6 |
